The national collection of aerial photography (Record no. 120838)

MARC details
000 -LEADER
fixed length control field 00884cai a22001815a 4500
001 - CONTROL NUMBER
control field E149422
008 - FIXED-LENGTH DATA ELEMENTS--GENERAL INFORMATION
fixed length control field 100304u xxk g 000 0 eng d
035 ## - SYSTEM CONTROL NUMBER
System control number (Sirsi) u149422
041 0# - LANGUAGE CODE
Language code of text/sound track or separate title eng
110 2# - MAIN ENTRY--CORPORATE NAME
Corporate name or jurisdiction name as entry element Royal Commission on the Ancient and Historical Monuments of Scotland
9 (RLIN) 5593
245 04 - TITLE STATEMENT
Title The national collection of aerial photography
Medium [electronic resource]
520 ## - SUMMARY, ETC.
Summary, etc. Includes historical and contemporary aerial photographs of Scotland, as well as military reconnaisance images from around the world which form part of The Aerial Reconnaissance Archives (TARA). The website if free to browse, although in-depth viewing requires a subscription.
590 ## - LOCAL NOTE (RLIN)
Local note KA
651 #4 - SUBJECT ADDED ENTRY--GEOGRAPHIC NAME
Geographic name International
690 ## - LOCAL SUBJECT ADDED ENTRY--TOPICAL TERM (OCLC, RLIN)
Topical term or geographic name as entry element ENVIRONMENTAL AND LAND CONSULTANCY-GEOMATICS
856 40 - ELECTRONIC LOCATION AND ACCESS
Uniform Resource Identifier <a href="https://aerial.rcahms.gov.uk/">https://aerial.rcahms.gov.uk/</a>
Public note View the website free of charge at http://aerial.rcahms.gov.uk
942 ## - ADDED ENTRY ELEMENTS (KOHA)
Suppress in OPAC 0
Holdings
Withdrawn status Lost status Source of classification or shelving scheme Damaged status Not for loan Home library Current library Shelving location Date acquired Total Checkouts Full call number Barcode Date last seen Copy number Price effective from Koha item type
    Dewey Decimal Classification     Virtual Virtual Online 04/03/2010   WEBSITE 149422-2001 06/08/2019 1 06/08/2019 Online material